|
|
|
|
| LEADER |
00000cam a2200000 7i4500 |
| 001 |
0000087197 |
| 005 |
20230125114152.0 |
| 008 |
211222 |
| 020 |
|
|
|a 9789671571699
|
| 041 |
0 |
|
|a Malay
|
| 090 |
0 |
0 |
|a 499.2309
|b ZAB
|
| 100 |
0 |
|
|a Za'ba
|
| 245 |
1 |
0 |
|a Bahasa Melayu :
|b kelebihannya dan kekurangannya
|c Za'ba
|
| 260 |
|
|
|a Selangor :
|b Akademi Jawi Malaysia ,
|c 2019
|
| 300 |
|
|
|a 120 p. ;
|c 21.5 cm.
|
| 541 |
0 |
|
|c Purchased on 2021
|f I000554 AJM
|h RM35.00
|
| 650 |
|
0 |
|a Malay language
|
| 650 |
|
0 |
|a Malay language
|x History and criticism
|
| 700 |
1 |
|
|a Zainal Abidin bin Ahmad
|
| 999 |
|
|
|a 0001669377
|b Book
|c Adult Collection
|e Cawangan Taman Sri Lambak
|
| 999 |
|
|
|a 0001669378
|b Book
|c Adult Collection
|e Cawangan Bandar Penawar
|
| 999 |
|
|
|a 0001669379
|b Book
|c Adult Collection
|e Cawangan Kota Tinggi
|
| 999 |
|
|
|a 0001669380
|b Book
|c Adult Collection
|e Cawangan Bandar Tenggara
|
| 999 |
|
|
|a 0001669381
|b Book
|c Adult Collection
|e Cawangan Segamat
|
| 999 |
|
|
|a 0001669382
|b Book
|c Adult Collection
|e Cawangan Batu Pahat
|
| 999 |
|
|
|a 0001669383
|b Book
|c Adult Collection
|e Cawangan Muar
|
| 999 |
|
|
|a 0001669384
|b Book
|c Adult Collection
|e Cawangan Mersing
|
| 999 |
|
|
|a 0001669385
|b Book
|c Adult Collection
|e Cawangan Tmn. Ungku Tun Aminah
|
| 999 |
|
|
|a 0001669386
|b Book
|c Adult Collection
|e Cawangan Bukit Gambir
|
| 999 |
|
|
|a 0001669387
|b Book
|c Adult Collection
|e Cawangan Pontian
|
| 999 |
|
|
|a 0001669388
|b Book
|c Adult Collection
|e Cawangan Sri Merlong
|
| 999 |
|
|
|a 0001669389
|b Book
|c Adult Collection
|e Cawangan Tangkak
|
| 999 |
|
|
|a 0001669954
|b Book
|c Adult Collection
|e Perbadanan Perpustakaan Awam Johor
|
| 999 |
|
|
|a 0001669955
|b Book
|c Adult Collection
|e Perbadanan Perpustakaan Awam Johor
|
| 999 |
|
|
|a 0001669956
|b Book
|c Adult Collection
|e Cawangan Urban Transformation Centre
|
| 999 |
|
|
|a 0001669957
|b Book
|c Adult Collection
|e Cawangan AEON Kulaijaya
|